Distinguer pour unir
Guardat en:
| Autor principal: | |
|---|---|
| Format: | Llibre |
| Idioma: | francès |
| Publicat: |
París
Desclée de Brouwer
1946
|
| Edició: | 5a. ed |
| Col·lecció: | Bibliothèque Francaise de Philosophie
|
| Matèries: | |
| Etiquetes: |
Afegir etiqueta
Sense etiquetes, Sigues el primer a etiquetar aquest registre!
|
MARC
| LEADER | 00000nam a2200000 a 4500 | ||
|---|---|---|---|
| 001 | UCZ3016 | ||
| 003 | CL-VaPUC | ||
| 008 | 951013e19460000FR |||||||||||||||||fre|d | ||
| 082 | 0 | 4 | |a 142.7 |b MAR |2 21 |
| 100 | |a Maritain, Jacques |e autor |9 255680 | ||
| 245 | 1 | 0 | |a Distinguer pour unir |
| 246 | 1 | 4 | |a Les degrés su savoir |
| 250 | |a 5a. ed | ||
| 300 | |a 919 p | ||
| 942 | |c BK | ||
| 945 | |d 19951013 00:00:00 |a cmena | ||
| 260 | |a París |b Desclée de Brouwer |c 1946 | ||
| 650 | 0 | |a Filosofía francesa |9 255698 | |
| 650 | 0 | |a Epistemología |9 264994 | |
| 650 | 0 | |a Ciencia y tecnología |9 260585 | |
| 650 | 0 | |a Experiencia |9 308852 | |
| 650 | 0 | |a Tomismo |9 259214 | |
| 650 | 0 | |a Misticismo |9 265505 | |
| 650 | 0 | |a Experiencia religiosa |9 315549 | |
| 583 | |a last modification |c 19951013 00:00:00 |k Rodrigo Vera | ||
| 490 | 0 | |a Bibliothèque Francaise de Philosophie | |
| 999 | |c 239547 |d 239545 | ||
| 952 | |0 0 |1 0 |4 0 |6 142_700000000000000_MAR_1946 |7 0 |8 P |9 250781 |a BIBEDU |b BIBEDU |c BIBEDU_PB |d 2019-11-18 |i 1582852 |o 142.7 MAR 1946 |p 1582852 |r 2024-01-25 |w 2019-11-18 |y BK |k FIL | ||